00495 2200181 4500245008800000020002200088250001100110100002100121700002400142700002100166650001000187005001900197260003800216041001400254084001100268300002500279336000900304 aMengenal Jihad b : Menelusuri Makna Jihad Konteks ModerncRudi SyahabuddinhText a978-602-8823-19-7 aCet. 1 aRudi Syahabuddin aHika D. Asril Putra aEndah Rukmini W. aJihad a20230223142242 aDepokbBinamuda Ciptakreasic2010 aIndonesia a297.72 avi, 94 hlm. :cilus. atext